Lecciones de metafísica según apuntes de Mrongovius /

Guardado en:
Bibliografiske detaljer
Hovedforfatter: Kant, Immanuel (autor)
Andre forfattere: Mrongovius, Kryzystof C. (transcripción) (transcripción), Jiménez Rodríguez, Alba (edición) (edición), Reyna, Rafael (presentación, notas y traducción) (presentación, notas y traducción)
Format: Bog
Sprog:spansk
Udgivet: Madrid, España : Siglo XXI, 2024, c2024
Serier:(Filosofía y Pensamiento)
Fag:
Tags: Tilføj Tag
Ingen Tags, Vær først til at tagge denne postø!

MARC

LEADER 00000nam^a2200000^a^4500
001 000627440
005 20260204000000.0
009 20260310134054.549
020 |a 978-84-323-2142-9 
037 |a Acervo ITESO - Biblioteca 
041 |a ESP 
082 |a 142. 3  |b KAN OBR LME 
100 |a Kant, Immanuel  |e (autor) 
245 1 0 |a Lecciones de metafísica según apuntes de Mrongovius /  |c I. Kant ; transcripción de K.C. Mrongovius ; ed. de A. Jiménez Rodríguez ; presen., notras y tr. por R. Reyna. 
264 4 |a Madrid, España :  |b Siglo XXI,  |c 2024, c2024 
300 |a 433 p. 
336 |a texto  |b txt  |2 rdacontenido 
337 |a sin mediación  |b n  |2 rdamedio 
338 |a volumen  |b nc  |2 rdasoporte 
440 1 |a (Filosofía y Pensamiento) 
500 |a Traducción de: Metaphysic vorgetragen von Prof. Immanuel Kant nachgeschrieben von Mrongovius. 1873 de. 4. Febr. 
521 |a FIL 2025 DIA 
545 0 |a Immanuel Kant (1724-1804), filósofo alemán, realizó estudios de física y matemáticas y ejerció la docencia en lógica y metafísica en la Universidad de Königsberg. Sus planteamientos inauguraron una nueva teoría del conocimiento y una nueva moral. Con la primera, superó la oposición entre racionalismo y empirismo a través de sus proposiciones analíticas y sintéticas, que se dividen en a priori y a posteriori. Con la segunda, postuló a la razón como la autoridad última de la moral, pues lo que cuenta en sí no son los hechos, sino el motivo del actuar. Entre sus obras se encuentran Crítica de la razón pura, Crítica de la razón práctica, Crítica del juicio, La religión dentro de los límites de la mera razón, La paz perpetua, Observaciones sobre el sentimiento de lo bello y lo sublime, entre otras. 
546 |a Edición bilingüe español-alemán 
649 |a XX 
650 |a Substancia (Filosofía) 
650 |a Existencia 
650 |a Espacio y Tiempo 
650 |a Infinito 
650 |a Causalidad 
650 |a Hilomorfismo 
650 |a Psicología 
650 |a Cosmología 
650 |a Ontología 
650 |a Filosofía de la Naturaleza 
650 |a Metafísica -  |x Tema Principal 
650 |a Criticismo -  |x Tema Principal 
650 |a Filosofía Moderna 
650 |a Filosofía Alemana 
700 |a Mrongovius, Kryzystof C.  |e (transcripción) 
700 |a Jiménez Rodríguez, Alba  |e (edición) 
700 |a Reyna, Rafael  |e (presentación, notas y traducción) 
910 |a Fondo General 
920 |a Impresos - Libros 
930 |a Colección General 
905 |a 101 
901 |a 627440-10  |b IT1  |c ACC  |i C192173  |u 20260204 
902 |a https://opac.biblio.iteso.mx/vufind/Record/000627440